| 000 | 00734cam a2200169 4500 | ||
|---|---|---|---|
| 001 | X106523 | ||
| 008 | 000000n2000 000 0 eng u | ||
| 035 | _a(Sirsi) u106523 | ||
| 245 | _aPetra v Jeffrey Rogers | ||
| 260 | _c2000 | ||
| 490 |
_aNew Property Cases _v[2000] NPC 61 (01/06/2000) |
||
| 520 | _aChD 23 May 2000. The failure of a landlord to attract and hold speciality tenants to a speciality development and their replacement by a Virgin Megastore is relied on as a derogation from grant by a remaining tenant to no avail. HEADNOTE FROM JOURNAL - NOT TO BE PHOTOCOPIED. | ||
| 650 | _aPETRA V JEFFREY ROGERS | ||
| 650 | _aDEROGATION FROM GRANT | ||
| 690 | _aLANDLORD AND TENANT-CASE LAW-BUSINESS TENANCIES | ||
| 942 | _n0 | ||
| 999 |
_c63807 _d63807 |
||